[Event "AUTO-OPEN-2423"]
[Site "http://www.queenalice.com/game.php?id=964350"]
[Date "2011.7.24"]
[Round "1"]
[White "RJGF"]
[Black "Capelense"]
[Result "0-1"]
[WhiteElo "1803"]
[BlackElo "2231"]

1. d4 Nf6 2. c4 g6 3. Nc3 Bg7 4. Nf3 d6 5. e4 O-O 6. Be3 Bg4 7. h3 Bxf3 8. Qxf3
Nbd7 9. Bd3 c6 10. d5 Ne5 11. Qe2 Nfd7 12. dxc6 Nc5 13. cxb7 Nexd3+ 14. Kf1 Rb8
15. Bxc5 Nxc5 16. Rc1 Rxb7 17. b3 Qa5 18. Qe3 Bxc3 19. Rxc3 Qxa2 20. e5 Rxb3 21.
Rxb3 Qxb3 22. Qxb3 Nxb3 23. exd6 exd6 24. Ke2 Rc8 25. Kd3 Na5 26. Rc1 f5 27. f4
Re8 28. c5 Nb3 29. Rc2 Nxc5+ 30. Kd2 Re4 31. g3 a5 32. Rb2 Rb4 33. Rc2 a4 34.
Ra2 Rb3 35. h4 Rxg3 36. Ra1 Rh3 37. Re1 Kf7 38. h5 Rxh5 39. Kc3 Rh4 0-1

[Event "AUTO-OPEN-2423"]
[Site "http://www.queenalice.com/game.php?id=964351"]
[Date "2011.7.24"]
[Round "1"]
[White "Capelense"]
[Black "RJGF"]
[Result "1-0"]
[WhiteElo "2232"]
[BlackElo "1795"]

1. e4 e5 2. Nf3 Nc6 3. Bc4 Nf6 4. Ng5 d5 5. exd5 Na5 6. Bb5+ c6 7. dxc6 bxc6 8.
Be2 Bc5 9. a3 Qb6 10. O-O Nb7 11. b4 Be7 12. Nc3 O-O 13. Bb2 Nd5 14. Nf3 Qc7 15.
Nxd5 cxd5 16. Bxe5 Bd6 17. Bxd6 Nxd6 18. Nd4 Nc4 19. Bxc4 Qxc4 20. c3 f5 21. Qe2
Qxe2 22. Nxe2 Ba6 23. Rfe1 Rfe8 24. Nd4 Re4 25. Nxf5 Rae8 26. Re3 Rxe3 27. Nxe3
Bb7 28. Re1 g6 29. f3 Rd8 30. d4 Rc8 31. Rc1 Re8 32. Kf2 Ba6 33. Rc2 Bd3 34. Rc1
Rd8 35. Ke1 a5 36. Kd2 Bb5 37. Re1 axb4 38. axb4 Ra8 39. Rc1 Ra3 40. Nxd5 Ba4
41. Ke1 Ra2 42. Kf1 Bb3 43. Ne3 Ba4 44. d5 Bb5+ 45. c4 Bd7 46. Rc2 Ra1+ 47. Kf2
Ba4 48. Rb2 Rc1 49. c5 Bb5 50. c6 h5 51. Rc2 1-0

[Event "AUTO-OPEN-2423"]
[Site "http://www.queenalice.com/game.php?id=964376"]
[Date "2011.7.24"]
[Round "1"]
[White "bady"]
[Black "Capelense"]
[Result "0-1"]
[WhiteElo "697"]
[BlackElo "2230"]

1. e4 e5 2. Nf3 Nf6 3. d3 Nc6 4. d4 exd4 5. Bd3 Bb4+ 6. c3 dxc3 7. bxc3 Ba5 8.
O-O d6 9. Qa4 a6 10. Ng5 h6 11. Nf3 b5 12. Qb3 Bg4 13. Nd4 Nxd4 14. cxd4 Qe7 15.
Bf4 O-O 16. Na3 c5 17. dxc5 dxc5 18. e5 Nh5 19. Be3 Qxe5 20. Rae1 c4 21. Qc2
cxd3 22. Qxd3 Rad8 23. Qc2 Bf5 24. Qc6 Bxe1 25. Rxe1 Nf4 26. g3 Nh3+ 27. Kf1
Bd3+ 28. Kg2 Be4+ 29. f3 Bxc6 30. Kxh3 Bxf3 31. Nc2 Qh5# 0-1

[Event "AUTO-OPEN-2423"]
[Site "http://www.queenalice.com/game.php?id=964377"]
[Date "2011.7.24"]
[Round "1"]
[White "Capelense"]
[Black "bady"]
[Result "1-0"]
[WhiteElo "2228"]
[BlackElo "697"]

1. e4 e5 2. Nf3 Nc6 3. Bc4 Nh6 4. d3 Ng4 5. h3 Nf6 6. Ng5 Bb4+ 7. c3 Bc5 8. Nxf7
Qe7 9. Nxh8 g6 10. Nf7 h5 11. Ng5 a6 12. Bf7+ Kf8 13. Bxg6 h4 14. Nd2 Qg7 15.
Ndf3 Qxg6 16. Nxh4 Qg8 17. Qf3 Be7 18. Nf5 Bc5 19. h4 Qf7 20. Nxf7 Kxf7 21. Bg5
Nh7 22. Nh6+ Kg6 23. Qf7# 1-0

[Event "Challenge"]
[Site "http://www.queenalice.com/game.php?id=966203"]
[Date "2011.7.29"]
[Round "-"]
[White "alfonso"]
[Black "Capelense"]
[Result "0-1"]
[WhiteElo "1565"]
[BlackElo "2233"]

1. e4 e5 2. Qf3 Nf6 3. c3 Nc6 4. Bb5 d5 5. d3 dxe4 6. dxe4 Bd7 7. Nh3 a6 8. Bc4
Bc5 9. Ng5 O-O 10. O-O h6 11. Nh3 Bg4 12. Qg3 Qd7 13. Nd2 b5 14. Bb3 Na5 15. Bc2
Rad8 16. b4 Bxb4 17. cxb4 Qd4 18. Rb1 Nc4 19. Nb3 Qd7 20. f3 Bxh3 21. gxh3 Kh8
22. Rd1 Qe7 23. Nc5 Rxd1+ 24. Bxd1 Qd6 25. Qe1 a5 26. a4 axb4 27. Nb7 Qd4+ 28.
Kg2 Qb6 29. Rxb4 Qxb7 30. Rxb5 Qc6 31. Bb3 Nd6 32. Rxe5 Nd7 33. Rd5 Rb8 34. Rd3
Nc5 35. Bc2 Nxd3 36. Bxd3 Qxa4 37. Be3 Rb2+ 38. Bf2 Qd4 39. e5 Qxd3 40. exd6
Qxd6 41. Qe8+ Kh7 42. Qe4+ Qg6+ 43. Qg4 Qxg4+ 44. hxg4 c5 45. Kg3 c4 46. Bd4 Rd2
47. Bc3 Rd3 48. Bb2 g5 49. Kf2 Kg6 50. Ke2 f5 51. Bc1 fxg4 52. fxg4 Rh3 53. Kf2
Rxh2+ 54. Ke3 h5 55. Kf3 h4 56. Be3 Rh3+ 57. Ke4 Rg3 58. Bf2 Rxg4+ 59. Ke3 Rg2
60. Kf3 Rxf2+ 61. Kxf2 g4 0-1

[Event "Challenge"]
[Site "http://www.queenalice.com/game.php?id=966204"]
[Date "2011.7.29"]
[Round "-"]
[White "Capelense"]
[Black "alfonso"]
[Result "1-0"]
[WhiteElo "2227"]
[BlackElo "1600"]

1. e4 e5 2. Nf3 Bd6 3. Bc4 Qf6 4. d3 Qg6 5. Ng5 Nf6 6. Bxf7+ Ke7 7. Bxg6 hxg6 8.
Nc3 Bb4 9. Bd2 d6 10. a3 Bc5 11. Nd5+ Kd7 12. Nxf6+ Kc6 13. Nd5 Rh4 14. Ne7+ Kd7
15. Nxg6 Kd8 16. Nxh4 Nc6 17. Qh5 Bd7 18. Qh8+ Be8 19. Qxg7 Nd4 20. O-O-O Ne2+
21. Kb1 Bxf2 22. Qf6+ Kd7 23. Qxf2 Nd4 24. Qf8 Kc6 25. Be3 Nb5 26. c4 Nd4 27.
Bxd4 exd4 28. b4 b6 29. Nf5 Rd8 30. Nxd4+ Kd7 31. Qf5+ Ke7 32. Qe6+ Kf8 33. Qf6+
Kg8 34. Qxd8 Kf8 35. Rdf1+ Kg7 36. Qxe8 Kh6 37. Nde6 c5 38. Rf6# 1-0

[Event "QA-ANNIV-06"]
[Site "http://www.queenalice.com/game.php?id=966970"]
[Date "2011.7.31"]
[Round "5"]
[White "Capelense"]
[Black "Ninja"]
[Result "1-0"]
[WhiteElo "2229"]
[BlackElo "1957"]

1. e4 e5 2. Nf3 Nc6 3. Bc4 h6 4. a3 Nf6 5. Nc3 Bc5 6. d3 Nd4 7. Be3 d6 8. h3 a6
9. Bxd4 Bxd4 10. Nxd4 exd4 11. Ne2 b5 12. Ba2 O-O 13. Nxd4 c5 14. Nf3 Bb7 15.
Nh2 Re8 16. O-O d5 17. exd5 Nxd5 18. Qf3 Qd7 19. Rfe1 Nf6 20. Qf4 Qd4 21. Qxd4
cxd4 22. Nf1 a5 23. Ng3 g6 24. f3 Kg7 25. Kf2 Nd5 26. Bxd5 Bxd5 27. Ne2 b4 28.
axb4 axb4 29. Rxa8 Rxa8 30. Nxd4 Ra2 31. b3 Kf6 32. Re8 Ra8 33. Rxa8 Bxa8 34.
Ke3 Bd5 35. Ne2 Kf5 36. Kd4 Bb7 37. Kc5 h5 38. d4 Ke6 39. Kxb4 Bd5 40. c4 Bb7
41. Kb5 1-0

[Event "AUTO-ELITE-813"]
[Site "http://www.queenalice.com/game.php?id=974713"]
[Date "2011.8.20"]
[Round "1"]
[White "Cuxtal"]
[Black "Capelense"]
[Result "1/2-1/2"]
[WhiteElo "2531"]
[BlackElo "2258"]

1. e4 e5 2. Nc3 Nf6 3. f4 d5 4. fxe5 Nxe4 5. Nf3 Be7 6. d4 O-O 7. Bd3 f5 8. O-O
Nxc3 9. bxc3 c5 10. a4 Nc6 11. Bb5 c4 12. Bxc6 bxc6 13. Qe1 h6 14. Ba3 Bxa3 15.
Rxa3 Rb8 16. Ra1 Rb6 17. Rb1 f4 18. Rb4 g5 19. Qb1 Qc7 20. Qb2 Bf5 21. h3 Rfb8
22. Rxb6 Rxb6 23. Qc1 Qe7 24. h4 Be4 25. Nd2 Bf5 26. Nf3 Be4 27. Nd2 Bf5 28. Nf3
1/2-1/2

[Event "AUTO-ELITE-813"]
[Site "http://www.queenalice.com/game.php?id=974715"]
[Date "2011.8.20"]
[Round "1"]
[White "edsDr23"]
[Black "Capelense"]
[Result "1/2-1/2"]
[WhiteElo "2446"]
[BlackElo "2266"]

1. Nf3 d5 2. c4 c6 3. g3 Bg4 4. Bg2 e6 5. O-O Nf6 6. d4 Nbd7 7. cxd5 cxd5 8. Nc3
Be7 9. h3 Bh5 10. Qb3 Qb6 11. Qxb6 Nxb6 12. Bf4 Rc8 13. Rac1 Bxf3 14. Bxf3 Kd7
15. Kg2 h6 16. Rfd1 Bb4 17. Rd3 Nc4 18. Nb5 g5 19. Be5 Ke7 20. a3 Ba5 21. Nxa7
Ra8 22. Nb5 Nxe5 23. dxe5 Nd7 24. Rb3 Nxe5 25. Nd4 Ra7 26. e4 Nxf3 27. Kxf3
dxe4+ 28. Kxe4 Rd8 29. g4 Rd7 30. Rc4 Ra6 31. Rb5 Bb6 32. Rcb4 Bxd4 33. Rxd4
Rxd4+ 34. Kxd4 Rd6+ 35. Ke4 b6 36. a4 f6 37. b4 Kd7 38. a5 bxa5 39. bxa5 Rd2 40.
Kf3 Ra2 41. Rb7+ Kd6 42. Rb6+ Ke5 43. a6 1/2-1/2

[Event "AUTO-OPEN-2026"]
[Site "http://www.queenalice.com/game.php?id=979500"]
[Date "2011.8.31"]
[Round "3"]
[White "Capelense"]
[Black "HILITO"]
[Result "1-0"]
[WhiteElo "2235"]
[BlackElo "2138"]

1. e4 c6 2. d4 d5 3. Nc3 dxe4 4. Nxe4 Nd7 5. Bc4 Ngf6 6. Ng5 e6 7. Qe2 Nb6 8.
Bb3 Qxd4 9. N1f3 Bb4+ 10. c3 Bxc3+ 11. Kf1 Qc5 12. bxc3 Qxc3 13. Bb2 Qb4 14. Rd1
Nbd5 15. Rd4 Qe7 16. g3 O-O 17. Kg2 b6 18. Rhd1 Re8 19. Ne5 Bb7 20. Rh4 c5 21.
Kg1 a5 22. Ngxf7 Qc7 23. Ng5 h6 24. Ngf3 a4 25. Bxa4 Rxa4 26. Rxa4 1-0

[Event "AUTO-OPEN-2026"]
[Site "http://www.queenalice.com/game.php?id=979501"]
[Date "2011.8.31"]
[Round "3"]
[White "HILITO"]
[Black "Capelense"]
[Result "1/2-1/2"]
[WhiteElo "2171"]
[BlackElo "2247"]

1. e4 e5 2. Nf3 Nc6 3. Bb5 a6 4. Ba4 Nf6 5. O-O Be7 6. Re1 b5 7. Bb3 O-O 8. c3
d6 9. d4 Bg4 10. d5 Na5 11. Bc2 c6 12. dxc6 Nxc6 13. Bg5 h6 14. Bh4 Rc8 15. Nbd2
Nd7 16. Bxe7 Nxe7 17. h3 Bh5 18. Nf1 Nf6 19. Ng3 Bxf3 20. Qxf3 b4 21. Re3 a5 22.
Rd1 bxc3 23. Rxc3 Qb6 24. Bb3 a4 25. Bxa4 Qxb2 26. Rxc8 Rxc8 27. Bb3 Rc1 28. Kh2
Rxd1 29. Qxd1 Qxf2 30. Qxd6 Qxg3+ 31. Kxg3 Nxe4+ 32. Kf3 Nxd6 33. a4 Kf8 34. g4
f6 35. a5 Nb5 36. Ke4 Ke8 37. Ba4 Kd8 38. Bxb5 Kc7 39. Bd3 Kb7 40. h4 Kc7 41. h5
Kc6 42. a6 Kb6 43. Bc4 Ka7 1/2-1/2

[Event "Challenge"]
[Site "http://www.queenalice.com/game.php?id=981243"]
[Date "2011.9.4"]
[Round "-"]
[White "alfonso"]
[Black "Capelense"]
[Result "0-1"]
[WhiteElo "1518"]
[BlackElo "2234"]

1. e4 e5 2. Nf3 Nf6 3. Bd3 Nc6 4. Bc4 Bc5 5. Ng5 O-O 6. Qf3 Nd4 7. Qh3 d5 8. Qc3
dxc4 9. Qxc4 Qd6 10. a3 b5 11. Qd3 h6 12. Nf3 Bb7 13. Nxd4 Bxd4 14. f3 c5 15.
Qxb5 Qb6 16. Qxb6 axb6 17. c3 Rfd8 18. cxd4 Rxd4 19. O-O Rad8 20. Nc3 g5 21. Nb5
Rd3 22. Nc3 Ne8 23. Ne2 Nd6 24. Rd1 Nc4 25. Ng3 Ne3 26. Rf1 Nxf1 27. Nxf1 Kg7
28. b4 c4 29. Bb2 f6 30. Bc1 g4 31. Ne3 gxf3 32. Nxc4 Bxe4 33. gxf3 Bxf3 34. a4
Rb8 35. b5 Bd5 36. Nb2 Rd4 37. d3 Bb3 38. Be3 Rg4+ 39. Kf2 f5 40. h3 Rg6 41. Ra3
Be6 42. Ke1 f4 43. Bf2 Bxh3 44. Rc3 Bf5 45. Nc4 Rd8 46. Nxe5 Re6 47. d4 Ra8 48.
Ra3 Bc2 49. Kd2 Rxa4 50. Rc3 Be4 51. Rc7+ Kf8 52. Rf7+ Kg8 53. Rxf4 Bd5 54. Rg4+
Kf8 55. Rf4+ Ke8 56. Ke1 Rb4 57. Kd2 Rxb5 58. Nd3 Re7 59. Rg4 h5 60. Rh4 Bf3 61.
Bg1 Rb1 62. Bh2 Rh1 63. Bg3 Rxh4 64. Bxh4 Re4 65. Kc3 Rxh4 66. Kc4 Be2 67. Kc3
Rh3 68. Kd2 Bxd3 69. d5 Bf5 70. d6 b5 71. Ke2 b4 72. Kd2 b3 73. Kc1 Kd7 74. Kb2
Kxd6 75. Ka3 Kc5 76. Kb2 Kb4 77. Kc1 Kc3 78. Kd1 Re3 79. Kc1 Re1# 0-1

[Event "Challenge"]
[Site "http://www.queenalice.com/game.php?id=981244"]
[Date "2011.9.4"]
[Round "-"]
[White "Capelense"]
[Black "alfonso"]
[Result "1-0"]
[WhiteElo "2233"]
[BlackElo "1526"]

1. e4 e5 2. Nf3 d6 3. Bc4 Be6 4. Bxe6 fxe6 5. Nc3 Nf6 6. d3 h6 7. Be3 Ng4 8. O-O
h5 9. h3 Nf6 10. Ng5 Be7 11. Nxe6 Qd7 12. Nxg7+ Kf7 13. Nf5 Bf8 14. f4 Nc6 15.
fxe5 Nxe5 16. Nd5 c6 17. Nxf6 Qe6 18. Nd4 Qe7 19. Nxh5+ Ke8 20. Nf5 Qd7 21. d4
Nc4 22. Qg4 Nxb2 23. Nf6+ Kd8 24. Nxd7 Kxd7 25. Ng7+ Kc7 26. Ne6+ Kb6 27. d5+
Kb5 28. Nc7+ Ka5 29. Nxa8 c5 30. Qc8 Nc4 31. Qc7+ Kb4 32. Qxb7+ Ka5 33. Qxa7+
Kb4 34. a3+ Kc3 35. Qa4 Nxe3 36. Qb3+ Kd4 37. Qd3+ Ke5 38. Qxe3 Rh5 39. Nb6 Rh7
40. Nc4# 1-0

[Event "Challenge"]
[Site "http://www.queenalice.com/game.php?id=991955"]
[Date "2011.10.1"]
[Round "-"]
[White "albemo"]
[Black "Capelense"]
[Result "0-1"]
[WhiteElo "1830"]
[BlackElo "2257"]

1. Nf3 d5 2. d4 Nf6 3. Nbd2 Nc6 4. e3 a6 5. Bd3 Bg4 6. O-O e6 7. Re1 Bd6 8. h3
Bh5 9. c3 O-O 10. c4 Bb4 11. a3 dxc4 12. Bxc4 Bxd2 13. Bxd2 Ne4 14. Be2 a5 15.
Rc1 f5 16. Nh2 Bxe2 17. Qxe2 Rf6 18. Rc2 Rg6 19. Nf3 Qd5 20. Rec1 Rf8 21. Ne1 f4
22. exf4 Nxd4 0-1

[Event "Challenge"]
[Site "http://www.queenalice.com/game.php?id=994520"]
[Date "2011.10.7"]
[Round "-"]
[White "alfonso"]
[Black "Capelense"]
[Result "0-1"]
[WhiteElo "1516"]
[BlackElo "2245"]

1. e4 e5 2. Nf3 Nf6 3. d3 Nc6 4. c3 Bc5 5. Qb3 O-O 6. h3 a6 7. Be2 d6 8. Bg5 Be6
9. Qc2 h6 10. Bh4 g5 11. Bg3 Nh5 12. Bh2 f5 13. Nfd2 Nf4 14. Bxf4 exf4 15. g4
fxe4 16. dxe4 Ne5 17. c4 Qe7 18. Qb3 b5 19. Nc3 Rfb8 20. Qc2 bxc4 21. a3 c6 22.
b4 cxb3 23. Qb2 Bd4 24. O-O c5 25. Rab1 a5 26. Qc1 a4 27. Nb5 Nc6 28. Qd1 Ra5
29. Qc1 Rbxb5 30. Bxb5 Rxb5 31. Nf3 Bf6 32. Qd2 Ne5 33. Nxe5 Bxe5 34. Qe2 c4 35.
f3 Rc5 36. Rfc1 c3 37. Rf1 c2 38. Rbc1 Bb2 39. Rce1 Bc4 40. Qd2 Bxf1 41. Rxf1
Bxa3 42. Re1 b2 43. e5 dxe5 44. Qd3 c1=Q 45. Kf1 Qc4 46. Qe2 Qxe2+ 47. Kxe2 Rc1
48. Rd1 Rxd1 49. Kxd1 b1=Q+ 50. Ke2 Qc5 51. h4 Qe3# 0-1

[Event "Challenge"]
[Site "http://www.queenalice.com/game.php?id=994521"]
[Date "2011.10.7"]
[Round "-"]
[White "Capelense"]
[Black "alfonso"]
[Result "1-0"]
[WhiteElo "2244"]
[BlackElo "1527"]

1. e4 e5 2. Nf3 f6 3. Nxe5 fxe5 4. Qh5+ g6 5. Qxe5+ Ne7 6. Qxh8 h5 7. d4 d5 8.
Bh6 Kd7 9. Bxf8 Nec6 10. Qg7+ Ke8 11. Bc5 b6 12. Qxg6+ Kd7 13. Qf5+ Ke8 14. Qf8+
Kd7 15. Qf7+ Ne7 16. Bxe7 Qxe7 17. Qxd5+ Ke8 18. Qxa8 Kd8 19. e5 Qb4+ 20. Nd2
Qxb2 21. Rb1 Qxd4 22. Qxb8 Qxe5+ 23. Be2 Qe6 24. Qxa7 Qd5 25. Qa3 h4 26. Qf8+
Kd7 27. Bg4+ Kc6 28. Bf3 Qxf3 29. Nxf3 h3 30. g3 Be6 31. Ne5+ Kb7 32. Qc5 Ka6
33. Qxc7 b5 34. Qc6+ Ka7 35. Rxb5 Bxa2 36. Qb7# 1-0

[Event "Challenge"]
[Site "http://www.queenalice.com/game.php?id=1001987"]
[Date "2011.10.26"]
[Round "-"]
[White "alfonso"]
[Black "Capelense"]
[Result "0-1"]
[WhiteElo "1540"]
[BlackElo "2256"]

1. e4 c5 2. Bc4 e6 3. Qh5 Nf6 4. Qf3 Nc6 5. e5 Nxe5 6. Qc3 Nxc4 7. Qxc4 d5 8.
Qa4+ Bd7 9. Qf4 Be7 10. Qg5 O-O 11. d3 h6 12. Qg3 Kh8 13. Bf4 Nh5 14. Qf3 Nxf4
15. Qxf4 Qb6 16. b3 Bf6 17. c3 Bg5 18. Qg4 f5 19. Qd1 Qd6 20. a4 b6 21. a5 b5
22. Nf3 Bf6 23. O-O b4 24. Ra2 bxc3 25. g3 f4 26. Re1 fxg3 27. fxg3 Rae8 28. Nh4
Bxh4 29. gxh4 Rf6 30. Nxc3 Ref8 31. Kh1 Bc6 32. Nb1 Qf4 33. Nd2 d4+ 34. Ne4 Qxh4
35. Rg1 Bxe4+ 36. dxe4 Qxe4+ 37. Rag2 Rf2 38. Qg4 Qxg4 39. Rxg4 g5 40. Re4 R8f6
41. Re5 R2f5 42. Re4 e5 43. Ree1 Re6 44. Rc1 e4 45. h3 e3 46. Rb1 d3 47. Rbd1 d2
48. a6 Rd5 49. b4 c4 50. Rg4 e2 51. Rdg1 Rc6 52. Re4 d1=Q 53. Re8+ Kg7 54. Re7+
Kf6 55. Rxa7 e1=Q 56. Rxe1 Qxe1+ 57. Kg2 Rd2+ 58. Kf3 Qf2+ 59. Ke4 Re6# 0-1

[Event "Challenge"]
[Site "http://www.queenalice.com/game.php?id=1001988"]
[Date "2011.10.26"]
[Round "-"]
[White "Capelense"]
[Black "alfonso"]
[Result "1-0"]
[WhiteElo "2246"]
[BlackElo "1503"]

1. e4 e5 2. Nf3 Bd6 3. Bc4 h6 4. d4 f6 5. dxe5 fxe5 6. Nxe5 Bxe5 7. Qh5+ Ke7 8.
Qxe5+ Kf8 9. O-O Nc6 10. Qf5+ Nf6 11. Nc3 g6 12. Qxg6 Ne5 13. Bxh6+ Ke7 14. Qg7+
Kd6 15. Bf4 Nh5 16. Qxe5+ Kc6 17. Qd5+ Kb6 18. Na4# 1-0